Welcome to CU Library Online Public Access Catalogue (OPAC)

AFRICA-A SUBJECTIVE VIEW (Record no. 5972)

MARC details
000 -LEADER
fixed length control field 00347nam a22001337a 4500
005 - DATE AND TIME OF LATEST TRANSACTION
control field 20250526161527.0
008 - FIXED-LENGTH DATA ELEMENTS--GENERAL INFORMATION
fixed length control field 250526b |||||||| |||| 00| 0 eng d
050 ## - LIBRARY OF CONGRESS CALL NUMBER
Classification number DT31
Item number .N47 NIC
100 ## - MAIN ENTRY--PERSONAL NAME
Personal name NICOL, DAVIDSON
245 ## - TITLE STATEMENT
Title AFRICA-A SUBJECTIVE VIEW
260 ## - PUBLICATION, DISTRIBUTION, ETC.
Place of publication, distribution, etc. ACCRA
Name of publisher, distributor, etc. GHANA UNIVERSITIES PRESS
Date of publication, distribution, etc. c1964
300 ## - PHYSICAL DESCRIPTION
Extent viii, 88p
942 ## - ADDED ENTRY ELEMENTS (KOHA)
Source of classification or shelving scheme Library of Congress Classification
Koha item type Books
Suppress in OPAC No
999 ## -
-- 5972
-- 5972
Holdings
Withdrawn status Lost status Source of classification or shelving scheme Damaged status Not for loan Collection Home library Current library Shelving location Date acquired Total checkouts Full call number Barcode Date last seen Copy number Price effective from Koha item type
    Library of Congress Classification     Non-fiction Undergraduate Library (Christ Temple) Undergraduate Library (Christ Temple) General stacks 05/26/2025   DT31.N47 NIC ulct00002659 05/26/2025 1 05/26/2025 Books
© 2023-2024 Copyright: Central University Libraries. All Rights Reserved | Created by: Mahone Tech Office